Normal view
MARC view
- JOURNEY THROUGH PAKISTAN..PAKISTAN GEOGRAPHICAL HISTORY.PAKISTAN FROM MOUNTAINS TO SEA
Entry Topical Term
001 - CONTROL NUMBER
- control field: 20636
003 - CONTROL NUMBER IDENTIFIER
- control field: NUST
005 - DATE AND TIME OF LATEST TRANSACTION
- control field: 20190913102030.0
008 - FIXED-LENGTH DATA ELEMENTS
- fixed length control field: 190913|| aca||aabn | a|a d
040 ## - CATALOGING SOURCE
- Original cataloging agency: NUST
- Transcribing agency: NUST
150 ## - HEADING--TOPICAL TERM
- Topical term or geographic name entry element: JOURNEY THROUGH PAKISTAN..PAKISTAN GEOGRAPHICAL HISTORY.PAKISTAN FROM MOUNTAINS TO SEA
670 ## - SOURCE DATA FOUND
- Source citation: Work cat.: (NUST): MOHAMED AMIN,WILLETTS, DUNCAN,FARROW, BERNDAN 20635, Pakistan from mountain to sea, 1994
